América en el mundo : el pensamiento latinoamericano y la teoría de la relaciones internacionales /
Guardado en:
| Autor Principal: | |
|---|---|
| Otros Autores: | |
| Formato: | Desconocido |
| Idioma: | Spanish |
| Publicado: |
Buenos Aires :
Nuevohacer,
2005.
|
| Edición: | 1a. ed. |
| Series: | Estudios Internacionales
|
| Materias: | |
| Etiquetas: |
Agregar Etiqueta
Sin Etiquetas, Sea el primero en etiquetar este registro!
|
| LEADER | 00673nac a22001935a 4500 | ||
|---|---|---|---|
| 001 | DER.der002116 | ||
| 008 | 180615s2005####|||||||||||||||||#||spa|| | ||
| 005 | 20251113104343.0 | ||
| 245 | 1 | 0 | |a América en el mundo : |b el pensamiento latinoamericano y la teoría de la relaciones internacionales / |c Raúl Bernal-Meza ; prólogo de Aldo Ferrer. |
| 250 | |a 1a. ed. | ||
| 260 | |a Buenos Aires : |b Nuevohacer, |c 2005. | ||
| 300 | |a 395 p. | ||
| 440 | 0 | |a Estudios Internacionales | |
| 500 | |a Inventario 5650-B | ||
| 020 | |a 950694749X | ||
| 100 | 1 | |a Bernal-Meza, Raúl | |
| 700 | 1 | |a Ferrer, Aldo, |e prol. | |
| 650 | 7 | |a DERECHO INTERNACIONAL PUBLICO | |
| 859 | |a DERECHO |b BIB. DERECHO |h 341 |i BER |p 004233 | ||
